The high risk patient : (Record no. 1911)

000 -LEADER
fixed length control field 01039pam a2200289 a 4500
003 - CONTROL NUMBER IDENTIFIER
control field OSt
005 - DATE AND TIME OF LATEST TRANSACTION
control field 20210702062747.0
008 - FIXED-LENGTH DATA ELEMENTS--GENERAL INFORMATION
fixed length control field 940707s1995 mdua b 001 0 eng c
020 ## - INTERNATIONAL STANDARD BOOK NUMBER
International Standard Book Number 0683077856
040 ## - CATALOGING SOURCE
Transcribing agency DLC
050 10 - LIBRARY OF CONGRESS CALL NUMBER
Classification number RC86.7
Item number .H54 1995
060 10 - NATIONAL LIBRARY OF MEDICINE CALL NUMBER
Classification number WX 218 H6385 1994
245 04 - TITLE STATEMENT
Title The high risk patient :
Remainder of title management of the critically ill /
Statement of responsibility, etc. edited by Edward D. Sivak, Thomas L. Higgins, Adam Seiver.
260 ## - PUBLICATION, DISTRIBUTION, ETC.
Place of publication, distribution, etc. Baltimore :
Name of publisher, distributor, etc. Williams & Wilkins,
Date of publication, distribution, etc. 1995.
300 ## - PHYSICAL DESCRIPTION
Extent xx, 1794 p. :
Other physical details ill. ;
Dimensions 29 cm.
504 ## - BIBLIOGRAPHY, ETC. NOTE
Bibliography, etc. note Includes bibliographical references and index.
650 #0 - SUBJECT ADDED ENTRY--TOPICAL TERM
Topical term or geographic name entry element Critical care medicine.
650 #0 - SUBJECT ADDED ENTRY--TOPICAL TERM
Topical term or geographic name entry element Intensive care units.
650 #2 - SUBJECT ADDED ENTRY--TOPICAL TERM
Topical term or geographic name entry element Critical Illness.
650 #2 - SUBJECT ADDED ENTRY--TOPICAL TERM
Topical term or geographic name entry element Critical Care
General subdivision methods.
700 1# - ADDED ENTRY--PERSONAL NAME
Personal name Sivak, Edward D.
700 1# - ADDED ENTRY--PERSONAL NAME
Personal name Higgins, Thomas L.
700 1# - ADDED ENTRY--PERSONAL NAME
Personal name Seiver, Adam.
906 ## - LOCAL DATA ELEMENT F, LDF (RLIN)
a 7
b cbc
c orignew
d 1
e ocip
f 19
g y-gencatlg
942 ## - ADDED ENTRY ELEMENTS (KOHA)
Source of classification or shelving scheme
Koha item type Book
Suppress in OPAC DO
Holdings
Withdrawn status Lost status Source of classification or shelving scheme Damaged status Not for loan Permanent Location Current Location Shelving location Date acquired Total Checkouts Full call number Barcode Date last seen Price effective from Koha item type Public note Source of acquisition Copy number
          AU LIBRARY AU LIBRARY Open Shelf 02.07.2021   RC86.7 .H54 1995 28002271 02.07.2021 02.07.2021 Book DO    
          AU LIBRARY AU LIBRARY Open Shelf 23.03.2022   RC86.7 .H54 1995 C2 28006497 23.03.2022 23.03.2022 Book SM DONATION FROM MOI UNIVERSITY 2

Powered by Koha